[Event "ODJM A 2017"]
[Site "Willingen GER"]
[Date "2017.06.08"]
[Round "7"]
[White "Verhufen, Hendrik"]
[Black "Fuhrmann, Åke"]
[Result "0-1"]
[Termination "normal"]
[Board "54"]
[WhiteElo "1408"]
[BlackElo "1793"]
[PlyCount "88"]
[WhiteFideId "12975818"]
[BlackFideId "12983853"]
[EventCountry "GER"]
[EventRounds "9"]
[EventType "swiss"]
[EventDate "2017.06.03"]

1. e4 c5 2. d4 cxd4 3. c3 Nf6 4. e5 Nd5 5. cxd4 Nc6 6. Nf3 d6 7. Bc4 Nb6 8. Bb5
dxe5 9. Nxe5 Bd7 10. Nxc6 Bxc6 11. Bxc6+ bxc6 12. O-O e6 13. Bf4 Bd6 14. Qf3
O-O 15. Nc3 Bxf4 16. Qxf4 Nd5 17. Nxd5 cxd5 18. Rac1 Qb6 19. Rc2 Rac8 20. Rfc1
Rxc2 21. Rxc2 Qa5 22. Qc1 Qxa2 23. Rc8 Qa4 24. Rxf8+ Kxf8 25. Qc8+ Ke7 26. Qc7+
Qd7 27. Qc5+ Ke8 28. b4 Qb7 29. f4 Qb6 30. b5 Qxc5 31. dxc5 Kd7 32. Kf2 f6 33.
Ke3 e5 34. fxe5 fxe5 35. g4 Kc7 36. Kd3 Kb7 37. Kc3 a6 38. b6 e4 39. Kd4 Kc6
40. h4 a5 41. Kc3 e3 42. Kc2 d4 43. Kd3 a4 44. Kc2 e2 0-1

[Event "ODJM A 2017"]
[Site "Willingen GER"]
[Date "2017.06.08"]
[Round "7"]
[White "Rohde, Niclas"]
[Black "Doll, Alexander"]
[Result "0-1"]
[Termination "normal"]
[Board "55"]
[WhiteElo "1587"]
[BlackElo "1784"]
[PlyCount "48"]
[WhiteFideId "16230205"]
[BlackFideId "16228294"]
[EventCountry "GER"]
[EventRounds "9"]
[EventType "swiss"]
[EventDate "2017.06.03"]

1. e4 e5 2. Nf3 Nc6 3. Bc4 Bc5 4. c3 Nf6 5. d3 a6 6. Bb3 Ba7 7. O-O O-O 8. h3
d6 9. Re1 Be6 10. Bc2 Re8 11. Nbd2 d5 12. exd5 Bxd5 13. c4 Be6 14. a3 Nd7 15.
b4 f6 16. Bb2 Nf8 17. Ne4 Ng6 18. Ng3 Qd7 19. Bc1 Nd4 20. Nxd4 Bxd4 21. Rb1
Bxh3 22. gxh3 Qxh3 23. Qf3 Nh4 24. Qh1 Qxg3+ 0-1

[Event "ODJM A 2017"]
[Site "Willingen GER"]
[Date "2017.06.08"]
[Round "7"]
[White "Bethke, Robert"]
[Black "Böhlemann, Christian"]
[Result "1-0"]
[Termination "normal"]
[Board "56"]
[WhiteElo "1864"]
[BlackElo "1565"]
[PlyCount "45"]
[WhiteFideId "12959251"]
[EventCountry "GER"]
[EventRounds "9"]
[EventType "swiss"]
[EventDate "2017.06.03"]

1. c4 c5 2. Nc3 Nc6 3. g3 g6 4. Bg2 Bg7 5. Nf3 e5 6. d3 Nge7 7. O-O O-O 8. Rb1
Rb8 9. a3 a6 10. b4 b6 11. b5 axb5 12. Rxb5 f5 13. Bd2 Ba6 14. Rb1 d5 15. cxd5
Nxd5 16. Nxd5 Qxd5 17. Ng5 Qd6 18. Qa4 Na5 19. Bxa5 bxa5 20. Qxa5 c4 21. Qd5+
Qxd5 22. Bxd5+ Kh8 23. Nf7+ 1-0

[Event "ODJM A 2017"]
[Site "Willingen GER"]
[Date "2017.06.08"]
[Round "7"]
[White "Udaykumar, Arunn Mark"]
[Black "Leimbach, Tim Vincent"]
[Result "1-0"]
[Termination "normal"]
[Board "57"]
[WhiteElo "1793"]
[BlackElo "1640"]
[PlyCount "81"]
[WhiteFideId "12965456"]
[BlackFideId "12988600"]
[EventCountry "GER"]
[EventRounds "9"]
[EventType "swiss"]
[EventDate "2017.06.03"]

1. e4 c5 2. d4 cxd4 3. c3 Nf6 4. e5 Nd5 5. cxd4 d6 6. f4 Nc6 7. Nf3 g6 8. Nc3
Be6 9. a3 Bg7 10. Bd3 O-O 11. O-O dxe5 12. fxe5 Nxc3 13. bxc3 Bd5 14. Be3 Na5
15. Nd2 Rc8 16. Rc1 Nc4 17. Nxc4 Bxc4 18. Bxc4 Rxc4 19. Qb3 Qc7 20. Bd2 e6 21.
Rb1 b6 22. Qd1 Rd8 23. Qe1 Rd7 24. Rf3 Rd5 25. Rh3 Qd8 26. Bc1 a6 27. Qf1 b5
28. Rf3 Qc7 29. Bb2 Qe7 30. Qf2 Bh8 31. Rf1 Rd7 32. Bc1 Bg7 33. Qg3 Qf8 34. Qh4
h6 35. Rh3 Kh7 36. g4 Rd5 37. Bxh6 Bxh6 38. g5 Rd7 39. Qf4 Qg7 40. Rxh6+ Kg8
41. Rf3 1-0

[Event "ODJM A 2017"]
[Site "Willingen GER"]
[Date "2017.06.08"]
[Round "7"]
[White "Erezhep, Assylzhan"]
[Black "Meyer, Nico"]
[Result "1-0"]
[Termination "normal"]
[Board "58"]
[WhiteElo "1753"]
[BlackElo "1552"]
[PlyCount "75"]
[WhiteFideId "13712144"]
[BlackFideId "12975257"]
[EventCountry "GER"]
[EventRounds "9"]
[EventType "swiss"]
[EventDate "2017.06.03"]

1. e4 c5 2. Nc3 d6 3. g3 g6 4. Bg2 Bg7 5. d3 Nc6 6. Be3 Nf6 7. Qd2 O-O 8. Bh6
Bd7 9. Bxg7 Kxg7 10. Nge2 Rc8 11. O-O-O a6 12. h4 h5 13. f4 e6 14. Bh3 b5 15.
Rdg1 b4 16. Nd1 Qa5 17. Kb1 Nd4 18. Nxd4 cxd4 19. g4 Rc5 20. Rh2 Qa4 21. b3 Qa3
22. Qc1 Ra5 23. Qxa3 Rxa3 24. Nb2 Bb5 25. f5 e5 26. Rhg2 a5 27. Nc4 Bxc4 28.
bxc4 a4 29. Kb2 Rc3 30. fxg6 fxg6 31. gxh5 Nxh5 32. Rxg6+ Kf7 33. Rxd6 Nf4 34.
Bf5 a3+ 35. Kb1 Rh8 36. Rd7+ Kf6 37. Rgg7 Rf8 38. Rh7 1-0

[Event "ODJM A 2017"]
[Site "Willingen GER"]
[Date "2017.06.08"]
[Round "7"]
[White "Ebeling, Leander"]
[Black "Reindl, Knut"]
[Result "1/2-1/2"]
[Termination "normal"]
[Board "59"]
[WhiteElo "1630"]
[BlackElo "1687"]
[PlyCount "65"]
[WhiteFideId "16223179"]
[BlackFideId "12946753"]
[EventCountry "GER"]
[EventRounds "9"]
[EventType "swiss"]
[EventDate "2017.06.03"]

1. e4 c5 2. c4 Nc6 3. Nc3 d6 4. g3 g6 5. Nge2 Bg7 6. Bg2 e6 7. O-O Nge7 8. d3
O-O 9. Bg5 h6 10. Be3 Nd4 11. Qd2 Kh7 12. Rab1 Nec6 13. Nb5 Nxe2+ 14. Qxe2 a6
15. Nc3 Rb8 16. Qd2 Qa5 17. Rfc1 b5 18. b3 Bd7 19. Ne2 Qxd2 20. Bxd2 Rfd8 21.
Bc3 Bxc3 22. Rxc3 b4 23. Rc2 e5 24. f4 Bg4 25. Rf1 Bxe2 26. Rxe2 Kg7 27. Ref2
Rb7 28. h4 Nd4 29. Kh1 Re7 30. f5 gxf5 31. exf5 f6 32. g4 Rh8 33. Be4 1/2-1/2

[Event "ODJM A 2017"]
[Site "Willingen GER"]
[Date "2017.06.08"]
[Round "7"]
[White "Troyke, Jannis"]
[Black "Lilienthal, Niels Bennett"]
[Result "0-1"]
[Termination "normal"]
[Board "60"]
[WhiteElo "1896"]
[BlackElo "1567"]
[PlyCount "40"]
[WhiteFideId "12993115"]
[BlackFideId "16205421"]
[EventCountry "GER"]
[EventRounds "9"]
[EventType "swiss"]
[EventDate "2017.06.03"]

1. e4 c5 2. Nc3 d6 3. f4 g6 4. Nf3 Bg7 5. Bb5+ Bd7 6. Bc4 Nc6 7. O-O Nf6 8. e5
dxe5 9. fxe5 Ng4 10. Bxf7+ Kxf7 11. e6+ Ke8 12. exd7+ Qxd7 13. Ne2 Rf8 14. c3
Rd8 15. Qc2 Qd6 16. Ng3 Nce5 17. Qe4 b6 18. d4 Nxf3+ 19. Rxf3 Nf6 20. dxc5 Qd1+
0-1

[Event "ODJM A 2017"]
[Site "Willingen GER"]
[Date "2017.06.08"]
[Round "7"]
[White "Oberhofer, Marie"]
[Black "von Freymann, Franz"]
[Result "1-0"]
[Termination "normal"]
[Board "61"]
[WhiteElo "1599"]
[BlackElo "1643"]
[PlyCount "49"]
[WhiteFideId "12938165"]
[BlackFideId "12994014"]
[EventCountry "GER"]
[EventRounds "9"]
[EventType "swiss"]
[EventDate "2017.06.03"]

1. e4 c5 2. Nf3 d6 3. d4 cxd4 4. Nxd4 Nf6 5. Nc3 g6 6. Be3 Bg7 7. f3 O-O 8. Qd2
Nc6 9. O-O-O d5 10. exd5 Nxd5 11. Nxc6 bxc6 12. Bd4 Nxc3 13. Qxc3 Bh6+ 14. Be3
Bxe3+ 15. Qxe3 Qc7 16. Bc4 Rb8 17. g4 Rb4 18. Bb3 c5 19. a3 Rb6 20. h4 c4 21.
Ba2 Be6 22. h5 Qb7 23. hxg6 fxg6 24. Qh6 Rf7 25. Rd8+ 1-0

[Event "ODJM A 2017"]
[Site "Willingen GER"]
[Date "2017.06.08"]
[Round "7"]
[White "Wagner, Swenja"]
[Black "Hoppe, Nico"]
[Result "1/2-1/2"]
[Termination "normal"]
[Board "62"]
[WhiteElo "1779"]
[BlackElo "1583"]
[PlyCount "92"]
[WhiteFideId "12900494"]
[BlackFideId "16225520"]
[EventCountry "GER"]
[EventRounds "9"]
[EventType "swiss"]
[EventDate "2017.06.03"]

1. Nf3 Nf6 2. g3 g6 3. Bg2 Bg7 4. O-O O-O 5. c4 d6 6. Nc3 Na6 7. Rb1 c5 8. a3
Rb8 9. Qc2 b6 10. d3 Bb7 11. b4 Re8 12. Bf4 h6 13. e4 e5 14. Bd2 Nd7 15. Nh4
Nc7 16. Qc1 Kh7 17. f4 exf4 18. Bxf4 Nf6 19. Nf3 Ne6 20. Nb5 Nxf4 21. Qxf4 Re6
22. Bh3 Nh5 23. Qd2 Re7 24. Rf2 a6 25. Nc3 Qh8 26. Ne2 Bc8 27. Bxc8 Rxc8 28.
Rbf1 Rcc7 29. g4 Nf6 30. g5 Nh5 31. Nf4 Nxf4 32. Qxf4 Be5 33. Nxe5 Qxe5 34. Qf6
Qxg5+ 35. Qxg5 hxg5 36. Rf6 Rcd7 37. Kg2 Kg7 38. Kg3 Re6 39. Rxe6 fxe6 40. Kg4
Rf7 41. Rxf7+ Kxf7 42. b5 a5 43. Kxg5 Kg7 44. a4 Kf7 45. h4 Kg7 46. Kg4 Kf6
1/2-1/2

[Event "ODJM A 2017"]
[Site "Willingen GER"]
[Date "2017.06.08"]
[Round "7"]
[White "Ziegenfuß, Larissa"]
[Black "Lohrmann, Tabea"]
[Result "0-1"]
[Termination "normal"]
[Board "63"]
[WhiteElo "1685"]
[BlackElo "1729"]
[PlyCount "108"]
[WhiteFideId "12974722"]
[BlackFideId "12911941"]
[EventCountry "GER"]
[EventRounds "9"]
[EventType "swiss"]
[EventDate "2017.06.03"]

1. e4 e5 2. Nf3 Nc6 3. d4 exd4 4. Bc4 Bc5 5. c3 Nf6 6. cxd4 Bb4+ 7. Nc3 Nxe4 8.
O-O Bxc3 9. bxc3 d5 10. Bb5 O-O 11. Qb3 Ne7 12. Nd2 Nxd2 13. Bxd2 c6 14. Bd3
Qc7 15. Qc2 Ng6 16. Rae1 Bd7 17. Re2 Rae8 18. Rfe1 Qc8 19. Bg5 Rxe2 20. Rxe2
Re8 21. Rxe8+ Qxe8 22. Qe2 Qxe2 23. Bxe2 Bf5 24. Kf1 f6 25. Bc1 Kf7 26. g3 Ke6
27. Ke1 b6 28. Kd2 Kd6 29. Ba3+ c5 30. Kc1 Kc6 31. Bb2 Nf8 32. Kd2 Ne6 33. a4
Nc7 34. Ba3 Bd7 35. a5 Bf5 36. axb6 axb6 37. Ke3 Ne6 38. Bb2 cxd4+ 39. cxd4 b5
40. Kd2 b4 41. f3 Kb6 42. Ba1 Ka5 43. Bb2 Nc7 44. g4 Bb1 45. h3 Ka4 46. Bd1+ b3
47. Be2 Kb4 48. Ke3 Na8 49. f4 Nb6 50. h4 Na4 51. Bc1 b2 52. Bd2+ Ka3 53. Bb5
Be4 54. Bd3 Bxd3 0-1

[Event "ODJM A 2017"]
[Site "Willingen GER"]
[Date "2017.06.08"]
[Round "7"]
[White "Jenner, Meikel"]
[Black "Thumm, Niklas"]
[Result "0-1"]
[Termination "normal"]
[Board "64"]
[WhiteElo "1464"]
[BlackElo "1772"]
[PlyCount "60"]
[WhiteFideId "16245342"]
[BlackFideId "12918733"]
[EventCountry "GER"]
[EventRounds "9"]
[EventType "swiss"]
[EventDate "2017.06.03"]

1. e4 e5 2. Nc3 Bc5 3. Nf3 Nc6 4. Bc4 d6 5. Na4 Bb6 6. Nxb6 axb6 7. O-O Bg4 8.
c3 Nf6 9. d3 Qd7 10. h3 Bh5 11. Bg5 h6 12. Bh4 Rg8 13. Qe2 g5 14. Bg3 g4 15.
hxg4 Bxg4 16. Qe3 Nh5 17. Nh2 O-O-O 18. Bb3 Rg6 19. Nxg4 Rxg4 20. Bd1 Rg5 21.
Bh4 Nf4 22. Bxg5 hxg5 23. Qg3 Rh8 24. Bg4 f5 25. exf5 Qh7 26. Qh3 Nxh3+ 27.
gxh3 Nd8 28. f3 Nf7 29. Rf2 Nh6 30. Rh2 Nxf5 0-1

[Event "ODJM A 2017"]
[Site "Willingen GER"]
[Date "2017.06.08"]
[Round "7"]
[White "Brockmeyer, Tobias"]
[Black "Klugstedt, Vincent"]
[Result "0-1"]
[Termination "normal"]
[Board "65"]
[WhiteElo "1586"]
[BlackElo "1636"]
[PlyCount "104"]
[WhiteFideId "12982385"]
[BlackFideId "16216393"]
[EventCountry "GER"]
[EventRounds "9"]
[EventType "swiss"]
[EventDate "2017.06.03"]

1. d4 Nf6 2. Bg5 d5 3. e3 e6 4. Bd3 c5 5. c3 Nc6 6. Nf3 Be7 7. Nbd2 Bd7 8. Ne5
h6 9. Bh4 O-O 10. f4 c4 11. Bc2 Nxe5 12. fxe5 Nh7 13. Bxe7 Qxe7 14. h4 f6 15.
Nf3 f5 16. Qe2 Be8 17. h5 b5 18. g3 b4 19. Qg2 bxc3 20. bxc3 Ng5 21. Kd2 Rb8
22. Rab1 Rxb1 23. Bxb1 Nxf3+ 24. Qxf3 Qa3 25. Qd1 Ba4 26. Qc1 Qxc1+ 27. Kxc1
Rb8 28. Rh2 Kf7 29. Rf2 Ke7 30. Rg2 Rg8 31. g4 fxg4 32. Rxg4 Be8 33. Rh4 Rf8
34. e4 Rf1+ 35. Kb2 Rg1 36. exd5 exd5 37. Bc2 Rg2 38. Kb1 Rg5 39. Kb2 Rxh5 40.
Rg4 g5 41. Ka3 a5 42. Bf5 Bd7 43. Bxd7 Kxd7 44. Ka4 Rh3 45. Kxa5 Rxc3 46. a4
Rb3 47. Rg1 c3 48. Rc1 g4 49. Ka6 g3 50. a5 g2 51. Ka7 c2 52. a6 Rb1 0-1

[Event "ODJM A 2017"]
[Site "Willingen GER"]
[Date "2017.06.08"]
[Round "7"]
[White "Stockter, Jasper Enno"]
[Black "Nasoyan, Maksim"]
[Result "1-0"]
[Termination "normal"]
[Board "67"]
[WhiteElo "1559"]
[BlackElo "1917"]
[PlyCount "49"]
[WhiteFideId "12957291"]
[BlackFideId "16220331"]
[EventCountry "GER"]
[EventRounds "9"]
[EventType "swiss"]
[EventDate "2017.06.03"]

1. e4 c5 2. Nf3 Nc6 3. d4 cxd4 4. Nxd4 Nf6 5. Nc3 e5 6. Ndb5 d6 7. Nd5 Nxd5 8.
exd5 Nb8 9. c4 Be7 10. Be2 O-O 11. O-O f5 12. f4 a6 13. Nc3 exf4 14. Bxf4 Qb6+
15. Kh1 Qxb2 16. Na4 Qf6 17. Nb6 Ra7 18. Be3 Qe5 19. Bd4 Qe4 20. Nxc8 Rxc8 21.
Bxa7 Bf6 22. Rb1 Nd7 23. Bd3 Qh4 24. Bf2 Qg5 25. Bg3 1-0

[Event "ODJM A 2017"]
[Site "Willingen GER"]
[Date "2017.06.08"]
[Round "7"]
[White "Kistner, Sinan"]
[Black "Knüdel, Torben"]
[Result "0-1"]
[Termination "normal"]
[Board "68"]
[WhiteElo "1560"]
[BlackElo "1845"]
[PlyCount "96"]
[WhiteFideId "16219643"]
[BlackFideId "16208820"]
[EventCountry "GER"]
[EventRounds "9"]
[EventType "swiss"]
[EventDate "2017.06.03"]

1. c4 Nf6 2. Nc3 e6 3. Nf3 b6 4. g3 Bb7 5. Bg2 d5 6. d4 Be7 7. O-O O-O 8. cxd5
exd5 9. Bf4 Nbd7 10. Nb5 Ne8 11. Rc1 c6 12. Nc3 Bd6 13. Qd2 Bxf4 14. Qxf4 Nc7
15. b3 Ne6 16. Qd6 Nf6 17. Qxd8 Rfxd8 18. e3 Rac8 19. Ne5 Nd7 20. Nxd7 Rxd7 21.
Rfd1 Kf8 22. Rd2 Rdc7 23. Kf1 Ba6+ 24. Ke1 g5 25. Bf3 f5 26. g4 f4 27. Be2 Bb7
28. Bf3 Re8 29. Kf1 Rf7 30. Kg2 fxe3 31. fxe3 Nc7 32. Re1 Kg7 33. e4 Ref8 34.
Rf2 Ne6 35. exd5 Nf4+ 36. Kg3 Nd3 37. Ree2 Nxf2 38. Rxf2 cxd5 39. Nb5 Bc6 40.
Nd6 Rf6 41. Nf5+ Kh8 42. Re2 h5 43. h3 Bd7 44. Re5 Bxf5 45. gxf5 Rxf5 46. Rxf5
Rxf5 47. Bxh5 Rf4 48. Bf3 Rxd4 0-1

[Event "ODJM A 2017"]
[Site "Willingen GER"]
[Date "2017.06.08"]
[Round "7"]
[White "Graf, Maria"]
[Black "Behringer, Tom"]
[Result "0-1"]
[Termination "normal"]
[Board "69"]
[WhiteElo "1546"]
[BlackElo "1840"]
[PlyCount "94"]
[WhiteFideId "12917702"]
[BlackFideId "16203496"]
[EventCountry "GER"]
[EventRounds "9"]
[EventType "swiss"]
[EventDate "2017.06.03"]

1. d4 d5 2. Nf3 Nf6 3. Bf4 Bf5 4. e3 e6 5. Be2 h6 6. Nbd2 Bd6 7. Bg3 O-O 8. c3
c5 9. dxc5 Bxc5 10. Nd4 Bh7 11. N2f3 Ne4 12. Bd3 Nd7 13. Qe2 Rc8 14. Nd2 Ndf6
15. Bh4 Be7 16. f3 Nxd2 17. Bxf6 Bxd3 18. Bxe7 Qxe7 19. Qxd3 Nc4 20. b3 Ne5 21.
Qd2 Qh4+ 22. g3 Qxd4 23. cxd4 Nxf3+ 24. Ke2 Nxd2 25. Kxd2 Rc7 26. Rhc1 Rfc8 27.
a3 Rxc1 28. Rxc1 Rxc1 29. Kxc1 Kh7 30. Kd2 Kg6 31. Kd3 Kf5 32. h3 h5 33. b4 b5
34. a4 bxa4 35. b5 a3 36. Kc3 a2 37. Kb2 a1=Q+ 38. Kxa1 Ke4 39. Kb2 Kxe3 40.
Kc3 e5 41. dxe5 d4+ 42. Kb4 d3 43. Ka5 d2 44. Ka6 d1=Q 45. Kxa7 Qa4+ 46. Kb6
Kd4 47. Kc6 Kc4 0-1

[Event "ODJM A 2017"]
[Site "Willingen GER"]
[Date "2017.06.08"]
[Round "7"]
[White "Askri, Samir"]
[Black "May, Ben-Iven"]
[Result "1/2-1/2"]
[Termination "normal"]
[Board "70"]
[WhiteElo "1796"]
[BlackElo "1861"]
[PlyCount "103"]
[WhiteFideId "12924938"]
[BlackFideId "16229673"]
[EventCountry "GER"]
[EventRounds "9"]
[EventType "swiss"]
[EventDate "2017.06.03"]

1. d4 d5 2. Nf3 Nf6 3. c4 e6 4. g3 Be7 5. Bg2 O-O 6. O-O dxc4 7. Ne5 c6 8. Nc3
Nbd7 9. Nxc4 Nb6 10. b3 Qc7 11. Bf4 Qd8 12. e4 Re8 13. Re1 Bb4 14. Rc1 h6 15.
Re2 Nxc4 16. bxc4 Bxc3 17. Rxc3 e5 18. Be3 exd4 19. Qxd4 Qxd4 20. Bxd4 Nh7 21.
Rb2 Ng5 22. Re3 Ne6 23. Bc3 Nc5 24. Bb4 Na4 25. Rc2 c5 26. Ba3 Bd7 27. e5 Rab8
28. Bd5 Bf5 29. Rc1 Be6 30. f4 Red8 31. Rd3 Bxd5 32. cxd5 c4 33. Rxc4 b5 34.
Rc7 b4 35. Bc1 Nc3 36. Bb2 Nxa2 37. Rxa7 b3 38. d6 Rdc8 39. Ra3 Nc1 40. Rd1
Ne2+ 41. Kf1 Rc2 42. d7 Rxb2 43. d8=Q+ Rxd8 44. Rxd8+ Kh7 45. Rb8 Nc1 46. Ra1
Rc2 47. Rb1 Kg6 48. h3 Kf5 49. Rb4 h5 50. R4xb3 Nxb3 51. Rxb3 Rh2 52. h4
1/2-1/2

[Event "ODJM A 2017"]
[Site "Willingen GER"]
[Date "2017.06.08"]
[Round "7"]
[White "von Pückler, Konstantin"]
[Black "Niemann, Leon"]
[Result "1-0"]
[Termination "normal"]
[Board "71"]
[WhiteElo "1525"]
[BlackElo "1567"]
[PlyCount "87"]
[WhiteFideId "16205847"]
[BlackFideId "16218388"]
[EventCountry "GER"]
[EventRounds "9"]
[EventType "swiss"]
[EventDate "2017.06.03"]

1. e4 c5 2. Nc3 g6 3. f4 Bg7 4. Nf3 Nc6 5. Bb5 d6 6. O-O Nf6 7. d3 O-O 8. Qe1
Nd7 9. Bxc6 bxc6 10. f5 Nb6 11. Qh4 e6 12. Bg5 Qc7 13. f6 Bh8 14. Nd2 e5 15.
Rf3 Re8 16. g4 Qd7 17. Rg3 d5 18. Kh1 Qe6 19. Rf1 Rd8 20. Qh6 Nd7 21. Rh3 Nxf6
22. Bxf6 Bxf6 23. Qxh7+ Kf8 24. Rhf3 Bg7 25. h4 Rd7 26. h5 gxh5 27. gxh5 Bh6
28. Qh8+ Ke7 29. Rxf7+ Qxf7 30. Rxf7+ Kxf7 31. Qxh6 Bb7 32. Nf3 Re7 33. Qg6+
Kf8 34. h6 Rf7 35. Nxe5 Rf1+ 36. Kg2 Rf4 37. Qg7+ Ke8 38. Qxb7 Rd8 39. h7 Rf8
40. Qxc6+ Ke7 41. Ng6+ Kf7 42. Ne5+ Ke7 43. Nxd5+ Rxd5 44. exd5 1-0

[Event "ODJM A 2017"]
[Site "Willingen GER"]
[Date "2017.06.08"]
[Round "7"]
[White "Meijerink, Inken"]
[Black "Werner, Tom"]
[Result "1-0"]
[Termination "normal"]
[Board "72"]
[WhiteElo "1532"]
[BlackElo "1593"]
[PlyCount "39"]
[WhiteFideId "16225465"]
[BlackFideId "16223756"]
[EventCountry "GER"]
[EventRounds "9"]
[EventType "swiss"]
[EventDate "2017.06.03"]

1. e4 e6 2. d4 d5 3. e5 c5 4. c3 Nc6 5. Nf3 Qb6 6. Bd3 cxd4 7. cxd4 Bd7 8. Bc2
Be7 9. O-O f6 10. Nc3 fxe5 11. dxe5 Nb4 12. Bb1 Bc5 13. a3 Nc6 14. Na4 Qb5 15.
Bd3 Qa5 16. Bd2 Nb4 17. Nxc5 Qxc5 18. Bxb4 Qb6 19. Ng5 g6 20. Qf3 1-0

[Event "ODJM A 2017"]
[Site "Willingen GER"]
[Date "2017.06.08"]
[Round "7"]
[White "Svane, Freja"]
[Black "Köllner, Felicitas Ophelia"]
[Result "0-1"]
[Termination "normal"]
[Board "73"]
[WhiteElo "1446"]
[BlackElo "1698"]
[PlyCount "70"]
[WhiteFideId "12940100"]
[BlackFideId "16207521"]
[EventCountry "GER"]
[EventRounds "9"]
[EventType "swiss"]
[EventDate "2017.06.03"]

1. d4 d6 2. e4 Nf6 3. Nc3 e5 4. Nge2 exd4 5. Nxd4 Nc6 6. Nde2 Be7 7. h3 h6 8.
g3 a6 9. a4 a5 10. Bg2 O-O 11. O-O Nh7 12. Kh1 Ng5 13. Kh2 Re8 14. f4 Nh7 15.
Be3 Bd7 16. Nd4 Qc8 17. Nd5 Bd8 18. g4 Nf6 19. Nc3 Bxg4 20. Qe1 Bd7 21. f5 Ne5
22. Rg1 Nh7 23. Qg3 Kh8 24. Bf1 Bf6 25. Nd5 Rg8 26. Nf4 Ng5 27. Nh5 c5 28. Ne2
Nef3+ 29. Kh1 Nxg1 30. Kxg1 Nxe4 31. Qf4 Bxf5 32. Kh1 Bg5 33. Qf3 Qc6 34. Bxg5
Ng3+ 35. Kg2 Be4 0-1

[Event "ODJM A 2017"]
[Site "Willingen GER"]
[Date "2017.06.08"]
[Round "7"]
[White "Silini, Jalel"]
[Black "Kögel, Josef"]
[Result "1-0"]
[Termination "normal"]
[Board "74"]
[WhiteElo "1581"]
[BlackElo "1569"]
[PlyCount "41"]
[WhiteFideId "16215397"]
[BlackFideId "16237641"]
[EventCountry "GER"]
[EventRounds "9"]
[EventType "swiss"]
[EventDate "2017.06.03"]

1. e4 d5 2. exd5 Qxd5 3. Nc3 Qa5 4. Nf3 Nf6 5. d4 c6 6. Bd2 Qc7 7. h3 Bf5 8.
Bc4 Nbd7 9. Ng5 e6 10. Qf3 Nd5 11. Bxd5 cxd5 12. Nxd5 Qc4 13. Ne3 Qxd4 14. Nxf5
exf5 15. Qxf5 Nf6 16. O-O-O Ba3 17. Qb5+ Kf8 18. Qxb7 Bxb2+ 19. Kb1 Nd7 20.
Bb4+ Qxb4 21. Qxb4+ 1-0

[Event "ODJM A 2017"]
[Site "Willingen GER"]
[Date "2017.06.08"]
[Round "7"]
[White "Rupp, Andreas"]
[Black "Grozea, Filip"]
[Result "1/2-1/2"]
[Termination "normal"]
[Board "75"]
[WhiteElo "1672"]
[BlackElo "1582"]
[PlyCount "44"]
[WhiteFideId "16225503"]
[BlackFideId "12958450"]
[EventCountry "GER"]
[EventRounds "9"]
[EventType "swiss"]
[EventDate "2017.06.03"]

1. e4 c6 2. Nf3 d5 3. exd5 cxd5 4. Ne5 Nf6 5. d4 Nc6 6. Bb5 Bd7 7. Nxd7 Qxd7 8.
O-O e6 9. c3 Be7 10. Nd2 a6 11. Bd3 Qc7 12. Nf3 h6 13. Qe2 Bd6 14. Bd2 g5 15.
g3 O-O-O 16. Rac1 Nh5 17. c4 g4 18. Ne5 Bxe5 19. dxe5 Qxe5 20. Qxg4 Rhg8 21.
Qf3 dxc4 22. Rxc4 Qd5 1/2-1/2

[Event "ODJM A 2017"]
[Site "Willingen GER"]
[Date "2017.06.08"]
[Round "7"]
[White "Kolb, Tobias"]
[Black "Seinsoth, Paul"]
[Result "1-0"]
[Termination "normal"]
[Board "76"]
[WhiteElo "1656"]
[BlackElo "1455"]
[PlyCount "113"]
[WhiteFideId "12992321"]
[BlackFideId "12994634"]
[EventCountry "GER"]
[EventRounds "9"]
[EventType "swiss"]
[EventDate "2017.06.03"]

1. e4 c5 2. Nc3 Nc6 3. g3 d6 4. Bg2 e6 5. d3 g6 6. Nge2 Bg7 7. Be3 Nge7 8. O-O
O-O 9. Qd2 Nd4 10. Rac1 Rb8 11. Bh6 Nec6 12. Bxg7 Kxg7 13. f4 b5 14. g4 Qh4 15.
h3 f5 16. exf5 exf5 17. Nxd4 Nxd4 18. g5 Bb7 19. Kh2 Rfe8 20. Rce1 Bxg2 21.
Kxg2 Kf7 22. Nd5 Nf3 23. Re7+ Rxe7 24. Rxf3 Qe1 25. Rf2 Qxd2 26. Rxd2 Ree8 27.
Kf2 Rh8 28. Re2 Rb7 29. h4 h6 30. Kg3 hxg5 31. fxg5 Re8 32. Rh2 c4 33. Kf4 Rh8
34. Kg3 cxd3 35. cxd3 b4 36. Rc2 b3 37. axb3 Rxb3 38. Rc7+ Ke6 39. Nf4+ Ke5 40.
Nxg6+ Kd5 41. Nxh8 Rxd3+ 42. Kf4 Rd4+ 43. Kxf5 Rxh4 44. Ng6 Rh1 45. Ne7+ Kd4
46. Rxa7 Rf1+ 47. Kg6 Ke5 48. Nc6+ Kd5 49. Rf7 Rb1 50. Ne7+ Ke5 51. Rf2 Ke6 52.
Re2+ Kd7 53. Kf6 Rf1+ 54. Nf5 d5 55. g6 d4 56. Rd2 Rf4 57. Rxd4+ 1-0

[Event "ODJM A 2017"]
[Site "Willingen GER"]
[Date "2017.06.08"]
[Round "7"]
[White "Franz, Franz Theodor"]
[Black "Zha, Kevin"]
[Result "1/2-1/2"]
[Termination "normal"]
[Board "77"]
[WhiteElo "1341"]
[BlackElo "1591"]
[PlyCount "92"]
[WhiteFideId "12992674"]
[BlackFideId "16208951"]
[EventCountry "GER"]
[EventRounds "9"]
[EventType "swiss"]
[EventDate "2017.06.03"]

1. e4 d5 2. exd5 Qxd5 3. Nc3 Qd6 4. Nf3 Nf6 5. d4 a6 6. h3 Nbd7 7. Bc4 b5 8.
Bb3 Bb7 9. Be3 e6 10. Qe2 Be7 11. O-O O-O 12. Rad1 Rad8 13. Rfe1 Rfe8 14. Bg5
Qb6 15. Be3 Qd6 16. Bg5 c5 17. dxc5 Qxc5 18. Be3 Qc6 19. Bf4 Nc5 20. a3 Nxb3
21. cxb3 Nd5 22. Nxd5 Rxd5 23. b4 Red8 24. Rc1 Qe8 25. Rc7 Bc8 26. Rec1 Bd6 27.
Bxd6 R5xd6 28. Qc2 Bd7 29. Ne5 f6 30. Nd3 e5 31. Nc5 Be6 32. Nxe6 Qxe6 33. Kh2
R6d7 34. Rc6 Rd6 35. Rxd6 Qxd6 36. Qc5 e4+ 37. g3 Qd2 38. Qc2 Qxc2 39. Rxc2 Rd6
40. Kg2 Kf7 41. f3 f5 42. Kf2 Ke6 43. fxe4 fxe4 44. Ke3 Ke5 45. Rc5+ Rd5 46. b3
Kd6 1/2-1/2

[Event "ODJM A 2017"]
[Site "Willingen GER"]
[Date "2017.06.08"]
[Round "7"]
[White "Wastian, Mareike"]
[Black "Unbehend, Marius"]
[Result "1/2-1/2"]
[Termination "normal"]
[Board "78"]
[WhiteElo "1711"]
[BlackElo "1391"]
[PlyCount "94"]
[WhiteFideId "12947423"]
[BlackFideId "16214420"]
[EventCountry "GER"]
[EventRounds "9"]
[EventType "swiss"]
[EventDate "2017.06.03"]

1. e4 e6 2. d4 d5 3. Nd2 Nf6 4. e5 Nfd7 5. Bd3 c5 6. c3 Nc6 7. Ne2 cxd4 8. cxd4
f6 9. exf6 Nxf6 10. Nf3 Bd6 11. O-O O-O 12. Re1 Qc7 13. h3 a6 14. Be3 g6 15.
Rc1 Nh5 16. Nc3 Nf4 17. Bb1 Qf7 18. Nh2 Qc7 19. Nf3 Qf7 20. Nd2 Qf6 21. Nb3 Qg5
22. Qg4 Qxg4 23. hxg4 Nb4 24. Rcd1 Be7 25. a3 Nc6 26. Bxf4 Rxf4 27. f3 b6 28.
Ne2 Rf7 29. Nc3 Rf4 30. Kh2 Bd6 31. Kh3 g5 32. Rd3 Rf6 33. g3 Bd7 34. Kg2 Raf8
35. Rh1 h6 36. Bc2 Kg7 37. Bd1 Na7 38. Nc1 Bb5 39. Rd2 Bc6 40. Rf2 Nb5 41. Nxb5
Bxb5 42. Na2 Rc8 43. Nc3 Bd7 44. Rc2 b5 45. b4 Rc7 46. Be2 Rf8 47. Rhc1 Rfc8
1/2-1/2